[Event "Team Championship of Russia (blitz)"]
[Site "Sochi"]
[Date "2015.05.10"]
[Round "1.2"]
[White "Najer, Evgeniy"]
[Black "Vastrukhin, Oleg"]
[Result "1-0"]
[LiveChessVersion "1.4.4"]
[BlackElo "2351"]
[WhiteElo "2688"]

1. e4 {[%clk 0:03:03]} a6 {[%clk 0:03:03]} 2. d4 {[%clk 0:03:02]} b5
{[%clk 0:03:04]} 3. Bd3 {[%clk 0:03:03]} Bb7 {[%clk 0:03:06]} 4. Nf3
{[%clk 0:03:03]} Nf6 {[%clk 0:03:07]} 5. Qe2 {[%clk 0:03:02]} e6 {[%clk 0:03:08]}
6. O-O {[%clk 0:02:59]} c5 {[%clk 0:03:08]} 7. c3 {[%clk 0:02:58]} d5
{[%clk 0:03:08]} 8. e5 {[%clk 0:02:56]} Nfd7 {[%clk 0:03:08]} 9. Be3
{[%clk 0:02:27]} Nc6 {[%clk 0:03:07]} 10. Nbd2 {[%clk 0:02:26]} Be7
{[%clk 0:03:08]} 11. Rfd1 {[%clk 0:02:24]} Qc7 {[%clk 0:02:58]} 12. Nf1
{[%clk 0:02:22]} O-O-O {[%clk 0:02:48]} 13. Ng3 {[%clk 0:01:58]} Rdg8
{[%clk 0:02:43]} 14. b3 {[%clk 0:01:43]} f5 {[%clk 0:02:08]} 15. a4
{[%clk 0:01:34]} c4 {[%clk 0:02:05]} 16. Bxf5 {[%clk 0:01:29]} exf5
{[%clk 0:02:03]} 17. axb5 {[%clk 0:01:30]} axb5 {[%clk 0:02:04]} 18. bxc4
{[%clk 0:01:31]} bxc4 {[%clk 0:01:40]} 19. Nxf5 {[%clk 0:01:31]} g6
{[%clk 0:01:28]} 20. Nxe7+ {[%clk 0:01:21]} Nxe7 {[%clk 0:01:29]} 21. Rdb1
{[%clk 0:01:21]} Nc5 {[%clk 0:01:05]} 22. Qb2 {[%clk 0:01:09]} h6
{[%clk 0:00:49]} 23. e6 {[%clk 0:01:08]} Nd7 {[%clk 0:00:40]} 24. Bf4
{[%clk 0:01:03]} Nb8 {[%clk 0:00:26]} 25. Qxb7+ Qxf4 26. Ne5+ {[%clk 0:00:52]}
Kd8 {[%clk 0:00:12]} 1-0

[Event "Team Championship of Russia (blitz)"]
[Site "Sochi"]
[Date "2015.05.10"]
[Round "1.6"]
[White "Rodchenkov, Sergey D."]
[Black "Jobava, Baadur"]
[Result "0-1"]
[LiveChessVersion "1.4.4"]
[BlackElo "2640"]
[WhiteElo "2355"]

1. Nf3 {[%clk 0:03:00]} b6 {[%clk 0:02:58]} 2. g3 {[%clk 0:02:53]} Bb7 3. Bg2 e6
{[%clk 0:02:58]} 4. O-O {[%clk 0:02:55]} d5 {[%clk 0:02:59]} 5. b3
{[%clk 0:02:52]} Nc6 {[%clk 0:02:59]} 6. Bb2 {[%clk 0:02:53]} Qd7
{[%clk 0:03:00]} 7. d4 {[%clk 0:02:46]} f6 {[%clk 0:03:00]} 8. Nbd2
{[%clk 0:02:37]} Nge7 {[%clk 0:03:01]} 9. Bh3 {[%clk 0:02:35]} g5
{[%clk 0:02:51]} 10. e4 {[%clk 0:02:31]} h5 {[%clk 0:02:51]} 11. exd5
{[%clk 0:02:24]} g4 {[%clk 0:02:23]} 12. dxc6 {[%clk 0:02:24]} Nxc6
{[%clk 0:02:24]} 13. Bg2 {[%clk 0:02:25]} gxf3 {[%clk 0:02:25]} 14. Nxf3
{[%clk 0:02:22]} O-O-O {[%clk 0:02:25]} 15. Qe2 {[%clk 0:02:19]} Bd6
{[%clk 0:02:19]} 16. Bh3 {[%clk 0:02:09]} Kb8 {[%clk 0:01:46]} 17. Bxe6
{[%clk 0:02:03]} Qg7 {[%clk 0:01:39]} 18. d5 {[%clk 0:02:00]} Ne7
{[%clk 0:01:39]} 19. Nh4 {[%clk 0:01:39]} Nxd5 {[%clk 0:01:33]} 20. Ng2
{[%clk 0:00:27]} h4 {[%clk 0:01:31]} 21. c4 Nb4 {[%clk 0:01:23]} 22. Rad1
{[%clk 0:00:20]} hxg3 {[%clk 0:01:23]} 23. fxg3 {[%clk 0:00:16]} Bc5+
{[%clk 0:01:24]} 24. Ne3 {[%clk 0:00:12]} Rxd1 {[%clk 0:01:12]} 25. Rxd1
{[%clk 0:00:12]} Re8 {[%clk 0:01:06]} 26. Kf1 {[%clk 0:00:08]} Rxe6
{[%clk 0:01:03]} 27. Rd8+ {[%clk 0:00:10]} Bc8 {[%clk 0:01:05]} 28. Nf5
{[%clk 0:00:05]} Rxe2 {[%clk 0:01:00]} 29. Ke1 Re4+ 0-1

[Event "Team Championship of Russia (blitz)"]
[Site "Sochi"]
[Date "2015.05.10"]
[Round "1.28"]
[White "Predke, Alexandr"]
[Black "Shumilina, Alexandra"]
[Result "1-0"]
[LiveChessVersion "1.4.4"]
[BlackElo "2276"]
[WhiteElo "2517"]

1. e4 {[%clk 0:03:03]} c5 {[%clk 0:03:03]} 2. Nf3 {[%clk 0:03:05]} d6
{[%clk 0:03:04]} 3. d4 {[%clk 0:03:06]} cxd4 {[%clk 0:03:05]} 4. Nxd4
{[%clk 0:03:06]} Nf6 {[%clk 0:03:06]} 5. Nc3 {[%clk 0:03:07]} a6 {[%clk 0:03:07]}
6. Be2 {[%clk 0:03:08]} e5 {[%clk 0:03:06]} 7. Nb3 {[%clk 0:03:09]} Be7
{[%clk 0:03:06]} 8. Be3 {[%clk 0:03:07]} O-O {[%clk 0:03:04]} 9. g4
{[%clk 0:03:08]} Be6 {[%clk 0:02:37]} 10. g5 {[%clk 0:03:07]} Nfd7
{[%clk 0:02:37]} 11. Qd2 {[%clk 0:03:04]} b5 {[%clk 0:02:35]} 12. h4
{[%clk 0:02:57]} Nb6 {[%clk 0:01:34]} 13. Nd5 {[%clk 0:02:57]} Bxd5
{[%clk 0:01:29]} 14. exd5 {[%clk 0:02:58]} N8d7 {[%clk 0:01:27]} 15. Na5
{[%clk 0:02:59]} f5 {[%clk 0:00:57]} 16. gxf6 {[%clk 0:02:50]} Bxf6
{[%clk 0:00:51]} 17. Nc6 {[%clk 0:02:50]} Qe8 {[%clk 0:00:48]} 18. O-O-O
{[%clk 0:02:47]} Kh8 {[%clk 0:00:40]} 19. Qb4 {[%clk 0:02:42]} Be7
{[%clk 0:00:34]} 20. h5 {[%clk 0:02:25]} Na4 {[%clk 0:00:34]} 21. Qg4
{[%clk 0:02:18]} Nac5 {[%clk 0:00:25]} 22. b4 {[%clk 0:01:23]} Nf6
{[%clk 0:00:23]} 23. Qg2 {[%clk 0:01:00]} Na4 {[%clk 0:00:22]} 24. Rd3
{[%clk 0:00:16]} e4 {[%clk 0:00:20]} 25. Rd2 {[%clk 0:00:12]} Nc3
{[%clk 0:00:20]} 26. h6 {[%clk 0:00:08]} g6 {[%clk 0:00:21]} 27. Bd4
{[%clk 0:00:09]} Ncxd5 {[%clk 0:00:16]} 28. Nxe7 {[%clk 0:00:08]} Qxe7
{[%clk 0:00:17]} 29. Qg5 {[%clk 0:00:06]} Kg8 {[%clk 0:00:17]} 30. Bb2
{[%clk 0:00:05]} Nxb4 {[%clk 0:00:16]} 31. a3 {[%clk 0:00:05]} Nc6
{[%clk 0:00:17]} 32. Rhd1 {[%clk 0:00:05]} Rad8 {[%clk 0:00:17]} 33. Kb1
{[%clk 0:00:05]} Na5 {[%clk 0:00:17]} 34. f3 {[%clk 0:00:04]} e3 {[%clk 0:00:17]}
35. Rd3 {[%clk 0:00:05]} Nc4 {[%clk 0:00:18]} 36. Bc1 {[%clk 0:00:05]} Rfe8
{[%clk 0:00:16]} 37. Rd4 {[%clk 0:00:07]} Nd7 {[%clk 0:00:16]} 38. Qd5+
{[%clk 0:00:07]} Qf7 {[%clk 0:00:17]} 39. Bxc4 {[%clk 0:00:05]} bxc4
{[%clk 0:00:17]} 40. Qxf7+ Kxf7 {[%clk 0:00:19]} 41. Rxc4 {[%clk 0:00:06]} Rb8+
{[%clk 0:00:20]} 42. Ka2 {[%clk 0:00:07]} Ne5 {[%clk 0:00:21]} 43. Rf4+
{[%clk 0:00:07]} Ke6 {[%clk 0:00:21]} 44. Bxe3 {[%clk 0:00:08]} Rbc8
{[%clk 0:00:22]} 45. Rd2 {[%clk 0:00:07]} Rc6 {[%clk 0:00:23]} 46. Bd4
{[%clk 0:00:08]} Rec8 {[%clk 0:00:24]} 47. c3 {[%clk 0:00:09]} R8c7
{[%clk 0:00:23]} 48. Re2 {[%clk 0:00:10]} Kd5 {[%clk 0:00:23]} 49. Rd2
{[%clk 0:00:11]} Ke6 {[%clk 0:00:24]} 50. Re2 {[%clk 0:00:07]} Kd5
{[%clk 0:00:25]} 51. Rf8 {[%clk 0:00:07]} Nc4 {[%clk 0:00:20]} 52. f4
{[%clk 0:00:04]} Rb7 {[%clk 0:00:18]} 53. f5 {[%clk 0:00:06]} gxf5
{[%clk 0:00:19]} 54. Rxf5+ {[%clk 0:00:07]} Ne5 {[%clk 0:00:20]} 55. Rg5
{[%clk 0:00:06]} Re7 {[%clk 0:00:20]} 56. Rg7 {[%clk 0:00:07]} Rcc7
{[%clk 0:00:22]} 57. Rg5 {[%clk 0:00:05]} Rb7 {[%clk 0:00:22]} 58. Rh2
{[%clk 0:00:04]} Kc4 {[%clk 0:00:22]} 59. Rhg2 {[%clk 0:00:05]} Nf3
{[%clk 0:00:22]} 60. Bf6 {[%clk 0:00:04]} Rf7 {[%clk 0:00:22]} 61. R5g4+
{[%clk 0:00:05]} Kd3 {[%clk 0:00:22]} 62. Bg7 {[%clk 0:00:05]} Ne5
{[%clk 0:00:22]} 63. R4g3+ {[%clk 0:00:05]} Ke4 {[%clk 0:00:22]} 64. Re2+
{[%clk 0:00:06]} Kf4 {[%clk 0:00:22]} 65. Rg1 {[%clk 0:00:05]} Nf3
{[%clk 0:00:22]} 66. Rf1 {[%clk 0:00:05]} Kg3 {[%clk 0:00:23]} 67. Re3
{[%clk 0:00:06]} Kg2 {[%clk 0:00:25]} 68. Rc1 {[%clk 0:00:07]} Rfe7
{[%clk 0:00:23]} 69. Rc2+ {[%clk 0:00:07]} Kg3 {[%clk 0:00:24]} 70. Rd3
{[%clk 0:00:08]} Rf7 {[%clk 0:00:24]} 71. Rxd6 {[%clk 0:00:08]} Kg4
{[%clk 0:00:23]} 72. Rg2+ {[%clk 0:00:09]} Kh3 {[%clk 0:00:24]} 73. Rf2
{[%clk 0:00:10]} Kg3 {[%clk 0:00:25]} 74. Rc2 {[%clk 0:00:11]} Ne1
{[%clk 0:00:25]} 75. Re2 {[%clk 0:00:12]} Nf3 {[%clk 0:00:26]} 76. Rd3
{[%clk 0:00:13]} Rbc7 {[%clk 0:00:27]} 77. Be5+ {[%clk 0:00:13]} Kg4
{[%clk 0:00:27]} 78. Rg2+ {[%clk 0:00:14]} Kh3 {[%clk 0:00:27]} 79. Rf2
{[%clk 0:00:13]} Kg4 {[%clk 0:00:27]} 80. Bxc7 {[%clk 0:00:14]} 1-0

[Event "Team Championship of Russia (blitz)"]
[Site "Sochi"]
[Date "2015.05.10"]
[Round "1.31"]
[White "Pogromsky, Mikhail"]
[Black "Zakaryan, David"]
[Result "1-0"]
[LiveChessVersion "1.4.4"]
[BlackElo "2064"]
[WhiteElo "2440"]

1. Nf3 {[%clk 0:03:02]} Nf6 {[%clk 0:03:00]} 2. c4 {[%clk 0:03:03]} g6
{[%clk 0:02:58]} 3. Nc3 {[%clk 0:03:05]} Bg7 {[%clk 0:02:58]} 4. d4
{[%clk 0:03:06]} d5 {[%clk 0:02:59]} 5. e3 {[%clk 0:03:04]} O-O {[%clk 0:02:58]}
6. cxd5 {[%clk 0:02:58]} Nxd5 {[%clk 0:02:59]} 7. Bc4 {[%clk 0:02:59]} Nb6
{[%clk 0:02:47]} 8. Bb3 {[%clk 0:02:57]} Nc6 {[%clk 0:02:47]} 9. O-O
{[%clk 0:02:57]} Na5 {[%clk 0:02:44]} 10. Bc2 {[%clk 0:02:58]} Bg4
{[%clk 0:02:29]} 11. h3 {[%clk 0:02:59]} Be6 {[%clk 0:02:21]} 12. e4
{[%clk 0:03:00]} c5 {[%clk 0:01:32]} 13. d5 {[%clk 0:02:52]} Bd7 {[%clk 0:01:33]}
14. Rb1 {[%clk 0:02:42]} Nac4 {[%clk 0:01:30]} 15. Qe2 {[%clk 0:02:38]} e6
{[%clk 0:01:22]} 16. b3 {[%clk 0:02:30]} Bxc3 {[%clk 0:01:20]} 17. bxc4
{[%clk 0:02:31]} Bg7 {[%clk 0:01:18]} 18. Bg5 {[%clk 0:02:20]} f6
{[%clk 0:01:19]} 19. Be3 {[%clk 0:02:19]} Qc7 {[%clk 0:01:18]} 20. a4
{[%clk 0:02:18]} Nc8 {[%clk 0:01:19]} 21. Rfd1 {[%clk 0:02:14]} e5
{[%clk 0:01:17]} 22. Bd2 {[%clk 0:02:05]} Nd6 {[%clk 0:01:18]} 23. a5
{[%clk 0:02:06]} Rae8 {[%clk 0:01:16]} 24. Bc3 {[%clk 0:01:54]} h6
{[%clk 0:01:15]} 25. Bd3 {[%clk 0:01:50]} Kh7 {[%clk 0:01:15]} 26. Nd2
{[%clk 0:01:44]} Qc8 {[%clk 0:01:10]} 27. Nb3 {[%clk 0:01:40]} Rf7
{[%clk 0:01:07]} 28. Qe3 {[%clk 0:01:41]} b6 {[%clk 0:01:05]} 29. axb6
{[%clk 0:01:42]} axb6 {[%clk 0:01:06]} 30. Nd2 {[%clk 0:01:42]} Qc7
{[%clk 0:01:07]} 31. Rb2 {[%clk 0:01:43]} f5 {[%clk 0:01:06]} 32. f3
{[%clk 0:01:43]} f4 {[%clk 0:01:06]} 33. Qe2 {[%clk 0:01:41]} g5 {[%clk 0:01:05]}
34. Rdb1 {[%clk 0:01:41]} Nc8 {[%clk 0:01:06]} 35. Nf1 {[%clk 0:01:35]} h5
{[%clk 0:01:06]} 36. Nh2 {[%clk 0:01:36]} Rf6 {[%clk 0:01:04]} 37. Bc2
{[%clk 0:01:36]} Rg6 {[%clk 0:01:04]} 38. Qd1 {[%clk 0:01:37]} Rg8
{[%clk 0:01:01]} 39. Ba4 {[%clk 0:01:37]} Bf8 {[%clk 0:00:58]} 40. Bxd7
{[%clk 0:01:38]} Qxd7 {[%clk 0:00:57]} 41. Bxe5 {[%clk 0:01:36]} Qe8
{[%clk 0:00:37]} 42. Bc3 {[%clk 0:01:35]} Nd6 {[%clk 0:00:36]} 43. Qd3
{[%clk 0:01:32]} g4 {[%clk 0:00:30]} 44. hxg4 {[%clk 0:01:31]} hxg4
{[%clk 0:00:31]} 45. Nxg4 {[%clk 0:01:31]} Qd7 {[%clk 0:00:23]} 46. e5
{[%clk 0:01:30]} Nc8 {[%clk 0:00:11]} 47. e6 {[%clk 0:01:30]} Qe7
{[%clk 0:00:11]} 48. Ne5 {[%clk 0:01:27]} Rg3 {[%clk 0:00:11]} 1-0

[Event "Team Championship of Russia (blitz)"]
[Site "Sochi"]
[Date "2015.05.10"]
[Round "2.8"]
[White "Tregubov, Pavel V."]
[Black "Predke, Alexandr"]
[Result "1-0"]
[LiveChessVersion "1.4.4"]
[BlackElo "2517"]
[WhiteElo "2517"]

1. d4 {[%clk 0:03:01]} Nf6 {[%clk 0:02:55]} 2. c4 {[%clk 0:03:03]} e6
{[%clk 0:02:55]} 3. Nf3 {[%clk 0:03:04]} d5 {[%clk 0:02:56]} 4. Nc3
{[%clk 0:03:05]} Bb4 {[%clk 0:02:57]} 5. cxd5 {[%clk 0:03:02]} exd5
{[%clk 0:02:58]} 6. Bg5 {[%clk 0:03:02]} h6 {[%clk 0:02:59]} 7. Bxf6
{[%clk 0:03:03]} Qxf6 {[%clk 0:03:00]} 8. e3 {[%clk 0:03:02]} O-O
{[%clk 0:02:48]} 9. Bd3 {[%clk 0:02:54]} c5 {[%clk 0:02:05]} 10. O-O
{[%clk 0:02:48]} Be6 {[%clk 0:02:06]} 11. dxc5 {[%clk 0:02:44]} Bxc3
{[%clk 0:02:04]} 12. bxc3 {[%clk 0:02:45]} Nd7 {[%clk 0:02:05]} 13. c6
{[%clk 0:02:30]} bxc6 {[%clk 0:02:03]} 14. Nd4 {[%clk 0:02:30]} c5
{[%clk 0:01:30]} 15. Nxe6 {[%clk 0:02:30]} Qxe6 {[%clk 0:01:31]} 16. Rb1
{[%clk 0:02:19]} Qe5 {[%clk 0:01:09]} 17. Qc2 {[%clk 0:02:08]} Nf6
{[%clk 0:00:52]} 18. h3 {[%clk 0:02:06]} c4 {[%clk 0:00:48]} 19. Be2
{[%clk 0:02:06]} Ne4 {[%clk 0:00:49]} 20. Rbc1 {[%clk 0:01:35]} Rab8
{[%clk 0:00:45]} 21. Rfd1 {[%clk 0:01:35]} Rb5 {[%clk 0:00:20]} 22. Bf3
{[%clk 0:01:36]} Ng5 {[%clk 0:00:21]} 23. Qe2 {[%clk 0:01:01]} Rfb8
{[%clk 0:00:22]} 24. Rc2 {[%clk 0:01:03]} Rb1 {[%clk 0:00:18]} 25. Rcd2
{[%clk 0:00:31]} Qxc3 {[%clk 0:00:18]} 26. Bxd5 {[%clk 0:00:28]} Rxd1+
{[%clk 0:00:10]} 27. Rxd1 {[%clk 0:00:27]} Rb2 {[%clk 0:00:07]} 28. Qxc4
{[%clk 0:00:23]} Qxc4 {[%clk 0:00:05]} 29. Bxc4 {[%clk 0:00:24]} Ne4
{[%clk 0:00:04]} 30. Rd8+ {[%clk 0:00:19]} Kh7 31. Bd3 f5 {[%clk 0:00:04]} 32. f3
{[%clk 0:00:13]} Ng3 {[%clk 0:00:04]} 33. Kh2 {[%clk 0:00:14]} Nh5
{[%clk 0:00:03]} 34. Bxf5+ {[%clk 0:00:14]} 1-0

[Event "Team Championship of Russia (blitz)"]
[Site "Sochi"]
[Date "2015.05.10"]
[Round "2.12"]
[White "Vokarev, Sergey"]
[Black "Maletin, Pavel"]
[Result "0-1"]
[LiveChessVersion "1.4.4"]
[BlackElo "2582"]
[WhiteElo "2456"]

1. e4 {[%clk 0:03:03]} g6 {[%clk 0:03:03]} 2. d4 {[%clk 0:03:02]} Bg7
{[%clk 0:03:03]} 3. Nc3 {[%clk 0:03:01]} d6 {[%clk 0:03:04]} 4. g3
{[%clk 0:03:01]} Nf6 {[%clk 0:03:01]} 5. Bg2 {[%clk 0:03:00]} O-O
{[%clk 0:03:02]} 6. Nge2 {[%clk 0:03:01]} Na6 {[%clk 0:03:00]} 7. O-O
{[%clk 0:02:59]} c5 {[%clk 0:03:02]} 8. h3 {[%clk 0:02:56]} cxd4 {[%clk 0:02:57]}
9. Nxd4 Nc5 10. Bg5 {[%clk 0:02:46]} h6 {[%clk 0:02:59]} 11. Be3 {[%clk 0:02:47]}
a6 {[%clk 0:02:58]} 12. a4 {[%clk 0:02:46]} Bd7 {[%clk 0:02:44]} 13. Qd2
{[%clk 0:02:42]} e5 {[%clk 0:02:37]} 14. Nb3 {[%clk 0:02:27]} Nxb3
{[%clk 0:02:28]} 15. cxb3 Be6 16. Bxh6 {[%clk 0:02:24]} Bxb3 {[%clk 0:02:28]} 17.
Be3 {[%clk 0:02:08]} Rc8 {[%clk 0:02:21]} 18. Ra3 {[%clk 0:01:59]} Be6
{[%clk 0:02:20]} 19. f4 {[%clk 0:01:55]} Nh5 {[%clk 0:02:08]} 20. Kh2
{[%clk 0:01:28]} exf4 {[%clk 0:02:02]} 21. gxf4 {[%clk 0:01:28]} b5
{[%clk 0:02:03]} 22. axb5 {[%clk 0:01:24]} axb5 {[%clk 0:02:05]} 23. Ra6
{[%clk 0:01:20]} b4 {[%clk 0:02:00]} 24. Ne2 {[%clk 0:01:01]} Bc4
{[%clk 0:01:54]} 25. Rxd6 {[%clk 0:01:01]} Qh4 {[%clk 0:01:51]} 26. Bf2
{[%clk 0:00:58]} Qe7 {[%clk 0:01:52]} 27. e5 {[%clk 0:00:53]} Bxe2
{[%clk 0:01:52]} 28. Qxe2 {[%clk 0:00:48]} Nxf4 {[%clk 0:01:53]} 29. Qd2
{[%clk 0:00:22]} Bxe5 {[%clk 0:01:52]} 30. Rd7 {[%clk 0:00:14]} Nd3+
{[%clk 0:01:51]} 31. Qd1 0-1

[Event "Team Championship of Russia (blitz)"]
[Site "Sochi"]
[Date "2015.05.10"]
[Round "2.19"]
[White "Timofeev, Artyom"]
[Black "Goryachkina, Aleksandra"]
[Result "1-0"]
[LiveChessVersion "1.4.4"]
[BlackElo "2327"]
[WhiteElo "2610"]

1. c4 {[%clk 0:03:02]} c6 {[%clk 0:03:04]} 2. Nf3 {[%clk 0:02:59]} d5
{[%clk 0:03:05]} 3. e3 {[%clk 0:02:59]} Nf6 {[%clk 0:03:05]} 4. Nc3
{[%clk 0:03:00]} e6 {[%clk 0:03:05]} 5. b3 {[%clk 0:02:56]} Bd6 {[%clk 0:03:03]}
6. Bb2 {[%clk 0:02:56]} O-O {[%clk 0:02:53]} 7. Be2 {[%clk 0:02:56]} Nbd7
{[%clk 0:02:54]} 8. Qc2 {[%clk 0:02:56]} Qe7 {[%clk 0:02:47]} 9. O-O
{[%clk 0:02:54]} h6 {[%clk 0:02:17]} 10. d4 {[%clk 0:02:49]} b6 {[%clk 0:02:16]}
11. e4 {[%clk 0:02:49]} dxe4 {[%clk 0:02:13]} 12. Nxe4 {[%clk 0:02:49]} Nxe4
{[%clk 0:02:11]} 13. Qxe4 {[%clk 0:02:49]} Bb7 {[%clk 0:02:12]} 14. Ne5
{[%clk 0:02:14]} Nf6 {[%clk 0:02:08]} 15. Qe3 {[%clk 0:02:03]} c5
{[%clk 0:01:47]} 16. Rad1 {[%clk 0:02:00]} Rfd8 {[%clk 0:01:41]} 17. h3
{[%clk 0:01:55]} Rac8 {[%clk 0:01:42]} 18. a4 {[%clk 0:01:39]} cxd4
{[%clk 0:01:31]} 19. Bxd4 {[%clk 0:01:39]} Bc5 {[%clk 0:01:17]} 20. Bxc5
{[%clk 0:01:36]} Qxc5 {[%clk 0:01:16]} 21. Qxc5 {[%clk 0:01:29]} bxc5
{[%clk 0:01:16]} 22. f3 {[%clk 0:01:28]} Kf8 {[%clk 0:01:05]} 23. g4
{[%clk 0:01:26]} Ke7 {[%clk 0:01:04]} 24. Kf2 {[%clk 0:01:26]} Nd7
{[%clk 0:00:57]} 25. Nd3 {[%clk 0:00:50]} e5 {[%clk 0:00:58]} 26. Ke3
{[%clk 0:00:50]} f6 {[%clk 0:00:59]} 27. f4 {[%clk 0:00:49]} exf4+
{[%clk 0:00:39]} 28. Rxf4 {[%clk 0:00:49]} Ne5 {[%clk 0:00:34]} 29. Nxe5
{[%clk 0:00:48]} fxe5 {[%clk 0:00:35]} 30. Rf5 {[%clk 0:00:42]} Rxd1
{[%clk 0:00:32]} 31. Bxd1 {[%clk 0:00:43]} Ke6 {[%clk 0:00:33]} 32. Rf2
{[%clk 0:00:36]} Rd8 {[%clk 0:00:34]} 33. Bc2 {[%clk 0:00:37]} Rd4
{[%clk 0:00:25]} 34. Bg6 {[%clk 0:00:36]} Rd1 {[%clk 0:00:17]} 35. Rf7
{[%clk 0:00:32]} Rd7 {[%clk 0:00:15]} 36. Rf8 {[%clk 0:00:30]} Rd1
{[%clk 0:00:15]} 37. Bf5+ {[%clk 0:00:29]} Ke7 {[%clk 0:00:15]} 38. Rg8
{[%clk 0:00:26]} Kf6 {[%clk 0:00:16]} 39. Rb8 {[%clk 0:00:23]} Bg2
{[%clk 0:00:17]} 40. h4 {[%clk 0:00:24]} Re1+ {[%clk 0:00:16]} 41. Ke4 1-0

[Event "Team Championship of Russia (blitz)"]
[Site "Sochi"]
[Date "2015.05.10"]
[Round "2.28"]
[White "Denishev, Marat"]
[Black "Payanidi, Janis"]
[Result "0-1"]
[LiveChessVersion "1.4.4"]
[BlackElo "2124"]
[WhiteElo "2374"]

1. d4 {[%clk 0:03:04]} e6 {[%clk 0:03:02]} 2. Nf3 {[%clk 0:03:04]} Nf6
{[%clk 0:03:03]} 3. Bf4 {[%clk 0:03:05]} d6 {[%clk 0:03:01]} 4. e3
{[%clk 0:03:06]} Nbd7 {[%clk 0:02:56]} 5. c4 {[%clk 0:03:06]} Be7
{[%clk 0:02:57]} 6. Nc3 {[%clk 0:03:08]} O-O 7. h3 Re8 {[%clk 0:02:51]} 8. Be2
{[%clk 0:03:11]} Bf8 {[%clk 0:02:52]} 9. O-O {[%clk 0:03:11]} e5 {[%clk 0:02:45]}
10. dxe5 {[%clk 0:03:12]} dxe5 {[%clk 0:02:46]} 11. Nxe5 {[%clk 0:02:59]} Nxe5
{[%clk 0:02:46]} 12. Qxd8 {[%clk 0:03:00]} Rxd8 {[%clk 0:02:47]} 13. Bxe5
{[%clk 0:03:01]} Ne8 {[%clk 0:02:43]} 14. Rad1 {[%clk 0:03:00]} Be6
{[%clk 0:02:43]} 15. b3 {[%clk 0:02:58]} c6 {[%clk 0:02:41]} 16. Ne4
{[%clk 0:02:57]} f6 {[%clk 0:02:39]} 17. Bg3 {[%clk 0:02:58]} Bf5
{[%clk 0:02:31]} 18. Bf3 {[%clk 0:02:52]} Bb4 {[%clk 0:02:26]} 19. Bh2
{[%clk 0:02:46]} a5 {[%clk 0:02:24]} 20. g4 {[%clk 0:02:46]} Bg6 {[%clk 0:02:25]}
21. Ng3 {[%clk 0:02:10]} Bc2 {[%clk 0:02:25]} 22. Rc1 {[%clk 0:02:06]} Rd2
{[%clk 0:02:05]} 23. Rfe1 {[%clk 0:01:25]} a4 {[%clk 0:01:31]} 24. Nf1
{[%clk 0:01:23]} Rd7 {[%clk 0:01:28]} 25. Rxc2 {[%clk 0:00:41]} Bxe1
{[%clk 0:01:28]} 26. Rc1 {[%clk 0:00:34]} Bb4 {[%clk 0:01:17]} 27. Be4
{[%clk 0:00:33]} axb3 {[%clk 0:01:11]} 28. axb3 {[%clk 0:00:34]} Rad8
{[%clk 0:01:02]} 29. Bc2 {[%clk 0:00:30]} Nc7 {[%clk 0:00:54]} 30. Bf5
{[%clk 0:00:31]} Re7 {[%clk 0:00:55]} 31. Ra1 {[%clk 0:00:28]} Ne6
{[%clk 0:00:44]} 32. Ra4 {[%clk 0:00:17]} Bd6 {[%clk 0:00:33]} 33. Bxd6
{[%clk 0:00:10]} Rxd6 {[%clk 0:00:32]} 34. Ng3 {[%clk 0:00:11]} Nc5
{[%clk 0:00:17]} 35. Ra8+ {[%clk 0:00:11]} Kf7 {[%clk 0:00:18]} 36. b4
{[%clk 0:00:11]} Na6 {[%clk 0:00:13]} 37. Bxh7 {[%clk 0:00:06]} g6
{[%clk 0:00:08]} 38. Bg8+ {[%clk 0:00:07]} Kg7 {[%clk 0:00:10]} 39. b5
{[%clk 0:00:06]} cxb5 {[%clk 0:00:11]} 40. cxb5 {[%clk 0:00:07]} Nc5
{[%clk 0:00:12]} 41. Bc4 {[%clk 0:00:07]} Ne4 {[%clk 0:00:08]} 42. Nxe4
{[%clk 0:00:05]} Rxe4 {[%clk 0:00:10]} 43. Be2 {[%clk 0:00:06]} Rb4
{[%clk 0:00:09]} 44. Rb8 Rd7 45. Kg2 {[%clk 0:00:06]} Rb2 {[%clk 0:00:12]} 46.
Bc4 {[%clk 0:00:07]} Rc7 {[%clk 0:00:12]} 47. Bd3 {[%clk 0:00:06]} Rd2
{[%clk 0:00:08]} 48. Bf1 {[%clk 0:00:07]} Kh6 {[%clk 0:00:08]} 49. h4
{[%clk 0:00:09]} Rcc2 {[%clk 0:00:05]} 50. g5+ {[%clk 0:00:05]} fxg5 51. hxg5+
Kxg5 {[%clk 0:00:07]} 52. Kg3 {[%clk 0:00:06]} Rxf2 {[%clk 0:00:07]} 53. Bd3
{[%clk 0:00:06]} Rcd2 {[%clk 0:00:07]} 54. Be4 {[%clk 0:00:06]} Rfe2
{[%clk 0:00:05]} 55. Kf3 {[%clk 0:00:06]} Rf2+ {[%clk 0:00:05]} 56. Kg3
{[%clk 0:00:07]} Rf6 {[%clk 0:00:04]} 57. Rxb7 {[%clk 0:00:07]} Re6
{[%clk 0:00:05]} 58. Bf3 {[%clk 0:00:04]} Rxe3 {[%clk 0:00:05]} 59. Rf7
{[%clk 0:00:05]} Rdd3 {[%clk 0:00:05]} 60. Kf2 {[%clk 0:00:05]} Rb3
{[%clk 0:00:04]} 61. Bc6 {[%clk 0:00:06]} Rec3 {[%clk 0:00:05]} 62. Ke2
{[%clk 0:00:06]} Rc2+ {[%clk 0:00:06]} 63. Kd1 {[%clk 0:00:08]} Rh2
{[%clk 0:00:05]} 64. Rf8 {[%clk 0:00:04]} Rb1# {[%clk 0:00:06]} 65. Kd2
{[%clk 0:00:00]} Rb2+ 0-1